00889nam a22002175i 4500001000700000003000900007005001700016008004100033040002000074100003000094245014700124250002600271260007300297300002900370490003200399490003000431700001700461830003200478830003000510852013100540163187ES-MaACL20230906212706.0040910s1873 sp a |||| | spa d aCAM bspa cCAM1 aReid, Mayne (d1818-1883)13aEl capitán Scarthe b: segunda parte de El guante blanco / cobra escrita en inglés por el capitán Mayne-Reid ; traducida por Juan Sala. aEd. il. con grabados. aMadrid : bImprenta y librería de Gaspar y Roig, editores, c1873. a61 p. : bil. ; c28 cm.1 aBiblioteca de Gaspar y Roig1 aAventuras de mar y tierra0 aSalas, Juan.0 aBiblioteca de Gaspar y Roig0 aAventuras de mar y tierra aES-MaACLjC-1199(6) z-- Enc. hol. z-- Legado de M. de la Fuente q-- Falto de la cub. original z-- Enc. en un vol. facticio